| 000 | 00591nam a22001817a 4500 | ||
|---|---|---|---|
| 003 | OSt | ||
| 005 | 20260423033440.0 | ||
| 008 | 260423b |||||||| |||| 00| 0 eng d | ||
| 020 | _a971-23-2042-1 | ||
| 040 |
_aOC _cDWC-Main Lib |
||
| 082 | _aFil. 301 P176i 1996 | ||
| 100 | _aPalispis, E. | ||
| 245 |
_aIntroduction to sociology and anthropology _cPalispis, Epitacio S. |
||
| 260 |
_aPhilippines: _bRex bookstore, _cc1996. |
||
| 300 |
_aiii,313 pages; _c22 cm. |
||
| 504 | _aInclude bibliography | ||
| 942 |
_2ddc _cBK - FIL _hFil. 301 P176i 1996 _kFil. _n0 |
||
| 999 |
_c9775 _d9775 |
||